[Event "Lorca op 12th"]
[Site "Lorca"]
[Date "2023.12.29"]
[Round "7"]
[White "Fiorito, Fabian"]
[Black "Sarvade, Mihir"]
[Result "1/2-1/2"]
[WhiteElo "2318"]
[BlackElo "1825"]
[PlyCount "77"]
[EventDate "2023.12.26"]
[EventType "swiss"]
[EventRounds "9"]
[EventCountry "ESP"]
[SourceTitle "CBM 217 Extra"]
[Source "ChessBase"]
[SourceDate "2024.01.31"]
[SourceVersion "1"]
[SourceVersionDate "2024.01.31"]
[SourceQuality "1"]

1. Nf3 c5 2. b3 Nf6 3. Bb2 g6 4. c4 Bg7 5. g3 0-0 6. Bg2 Nc6 7. 0-0 d6 8. d3 e5 9. Nc3 h6 10. Nd2 Be6 11. a3 Qd7 12. Nd5 Bh3 13. Nxf6+ Bxf6 14. Ne4 Be7 15. Nc3 Bxg2 16. Kxg2 Bf6 17. Nd5 Bg7 18. e4 Ne7 19. f4 Nxd5 20. cxd5 exf4 21. Bxg7 Kxg7 22. gxf4 f5 23. Qf3 fxe4 24. dxe4 g5 25. f5 Qe7 26. Rae1 Qf6 27. h4 gxh4 28. Kh1 Kh7 29. Rg1 Rg8 30. Rg6 Rxg6 31. fxg6+ Kg7 32. Qh3 Qe7 33. Qc3+ Qe5 34. Qxe5+ dxe5 35. Rf1 Kxg6 36. Rg1+ Kf7 37. Rf1+ Ke7 38. Rf5 Kd6 39. Rf7 1/2-1/2

[Event "Sitges Sunway op 10th"]
[Site "Sitges"]
[Date "2023.12.18"]
[Round "6"]
[White "Sarvade, Mihir"]
[Black "Gaurav, Rajesh Zagade"]
[Result "1-0"]
[WhiteElo "1825"]
[BlackElo "2126"]
[PlyCount "69"]
[EventDate "2023.12.12"]
[EventType "swiss"]
[EventRounds "10"]
[EventCountry "ESP"]
[SourceTitle "EXT 2025"]
[Source "ChessBase"]
[SourceDate "2024.10.14"]
[SourceVersion "1"]
[SourceVersionDate "2024.10.14"]
[SourceQuality "1"]

1. d4 d5 2. c4 e6 3. Nf3 Nf6 4. Bg5 Bb4+ 5. Nc3 0-0 6. e3 c5 7. Rc1 Nbd7 8. Bd3 cxd4 9. exd4 dxc4 10. Bxc4 h6 11. Bh4 a6 12. Qb3 Qa5 13. a3 Bd6 14. 0-0 Bf4 15. Rce1 b5 16. Bd3 Bb7 17. Ne5 Qb6 18. Ng6 fxg6 19. Rxe6 Bd5 20. Nxd5 Qxe6 21. Ne7+ Kf7 22. Re1 Be5 23. Qxe6+ Kxe6 24. Nxg6 Rfe8 25. dxe5 Kf7 26. f4 Nc5 27. Bc2 Nd5 28. b4 Nd7 29. f5 N7b6 30. Rd1 Ne3 31. Bb3+ Nbc4 32. Rd7+ Kg8 33. f6 gxf6 34. exf6 Rf8 35. Rg7# 1-0

[Event "Sitges Sunway op 10th"]
[Site "Sitges"]
[Date "2023.12.14"]
[Round "3"]
[White "Sahithi Varshini, M."]
[Black "Sarvade, Mihir"]
[Result "0-1"]
[WhiteElo "2181"]
[BlackElo "1825"]
[PlyCount "88"]
[EventDate "2023.12.12"]
[EventType "swiss"]
[EventRounds "10"]
[EventCountry "ESP"]
[SourceTitle "EXT 2025"]
[Source "ChessBase"]
[SourceDate "2024.10.14"]
[SourceVersion "1"]
[SourceVersionDate "2024.10.14"]
[SourceQuality "1"]

1. e4 c5 2. Nf3 g6 3. d4 cxd4 4. Nxd4 Nc6 5. c4 Bg7 6. Be3 Qb6 7. Nb3 Qd8 8. Nc3 Bxc3+ 9. bxc3 Nf6 10. f3 d6 11. Bh6 Rg8 12. Qd2 b6 13. Bg5 Nd7 14. Nd4 Qc7 15. Nb5 Qb8 16. Be2 Nc5 17. 0-0 Be6 18. Nd4 Qc7 19. Qc2 Na5 20. Rab1 Bxc4 21. Be3 f6 22. Nb5 Qd7 23. Bxc4 Nxc4 24. Bxc5 a6 25. Qa4 Kf8 26. Bf2 Qc6 27. Rb4 axb5 28. Qxb5 Qxb5 29. Rxb5 Rxa2 30. Rb4 Ne5 31. Rxb6 Kf7 32. Bd4 Nd3 33. g3 Rc8 34. Rd1 Nb2 35. Rf1 Na4 36. Rb3 e5 37. Rb7+ Ke6 38. Bf2 Rxc3 39. f4 Rcc2 40. Rxh7 Nc3 41. f5+ gxf5 42. exf5+ Kxf5 43. Rh6 Ne4 44. Bb6+ Ke6 0-1

[Event "Monsaraz op"]
[Site "Monsaraz"]
[Date "2023.11.24"]
[Round "6"]
[White "Priyanka, Nutakki"]
[Black "Sarvade, Mihir"]
[Result "1-0"]
[WhiteElo "2281"]
[BlackElo "1756"]
[PlyCount "63"]
[EventDate "2023.11.21"]
[EventType "swiss"]
[EventRounds "9"]
[EventCountry "POR"]
[SourceTitle "CBM 217 Extra"]
[Source "ChessBase"]
[SourceDate "2024.01.31"]
[SourceVersion "1"]
[SourceVersionDate "2024.01.31"]
[SourceQuality "1"]

1. d4 Nf6 2. c4 c5 3. d5 e6 4. Nc3 exd5 5. cxd5 d6 6. Nf3 g6 7. Bf4 Bg7 8. Qa4+ Bd7 9. Qb3 b5 10. Bxd6 Qb6 11. Be5 0-0 12. a3 c4 13. Qd1 Bg4 14. Qd4 Nbd7 15. Qxb6 axb6 16. Bd6 Rfd8 17. Rd1 Nc5 18. Bc7 Re8 19. e3 Nfe4 20. Nxb5 c3 21. b4 Nb3 22. Bd3 Ned2 23. Ke2 Rxa3 24. Rxd2 cxd2 25. Nxa3 Bc3 26. Kd1 Ra8 27. Nb1 Bxb4 28. Bc2 Na1 29. Be5 Nxc2 30. Kxc2 Bf5+ 31. Kb3 Rc8 32. Nbxd2 1-0

[Event "Monsaraz op"]
[Site "Monsaraz"]
[Date "2023.11.23"]
[Round "4"]
[White "Utsab, Chatterjee"]
[Black "Sarvade, Mihir"]
[Result "1-0"]
[WhiteElo "2302"]
[BlackElo "1756"]
[PlyCount "45"]
[EventDate "2023.11.21"]
[EventType "swiss"]
[EventRounds "9"]
[EventCountry "POR"]
[SourceTitle "CBM 217 Extra"]
[Source "ChessBase"]
[SourceDate "2024.01.31"]
[SourceVersion "1"]
[SourceVersionDate "2024.01.31"]
[SourceQuality "1"]

1. e4 c5 2. Nf3 g6 3. d4 cxd4 4. Nxd4 Nc6 5. c4 Nf6 6. Nc3 d6 7. Be2 Nxd4 8. Qxd4 Bg7 9. 0-0 0-0 10. Qd3 Bd7 11. Rd1 Qa5 12. Rb1 Rfc8 13. h3 a6 14. Bd2 Qd8 15. a4 Be6 16. b3 Nd7 17. f4 Nc5 18. Qe3 f5 19. Bf3 fxe4 20. Nxe4 Bf5 21. Nxc5 dxc5 22. Bc3 Qc7 23. Bd5+ 1-0

[Event "Bhubaneswar op-A 14th"]
[Site "Bhubaneswar"]
[Date "2023.06.18"]
[Round "10"]
[White "Dhananjay, S."]
[Black "Sarvade, Mihir"]
[Result "1-0"]
[WhiteElo "2240"]
[BlackElo "1785"]
[PlyCount "119"]
[EventDate "2023.06.11"]
[EventType "swiss"]
[EventRounds "10"]
[EventCountry "IND"]
[SourceTitle "CBM 214 Extra"]
[Source "ChessBase"]
[SourceDate "2023.07.31"]
[SourceVersion "1"]
[SourceVersionDate "2023.07.31"]
[SourceQuality "1"]

1. Nf3 c5 2. g3 Nc6 3. Bg2 g6 4. 0-0 Bg7 5. c4 d6 6. Nc3 e5 7. a3 Nge7 8. Rb1 a5 9. Ne1 Be6 10. d3 0-0 11. Nc2 d5 12. cxd5 Nxd5 13. Ne3 Nde7 14. Nc4 Rb8 15. Nb5 Bd5 16. Bg5 f6 17. Bd2 b6 18. Bxd5+ Nxd5 19. e4 Nc7 20. Nxc7 Qxc7 21. b4 cxb4 22. axb4 Rfd8 23. bxa5 bxa5 24. Rxb8 Rxb8 25. Qa4 Nb4 26. Bxb4 axb4 27. Rb1 Bf8 28. Ne3 Qb7 29. Qb3+ Kg7 30. Nd5 Ra8 31. d4 Bd6 32. Qf3 Qf7 33. Qe3 f5 34. dxe5 Bxe5 35. Rxb4 Re8 36. Qb3 Kh8 37. f4 Bd6 38. Qc3+ Kg8 39. Nf6+ Kf8 40. Nxe8 Bxb4 41. Qxb4+ Kxe8 42. Qb8+ Ke7 43. Qc7+ Kf8 44. Qxf7+ Kxf7 45. e5 Ke6 46. Kf2 Kd5 47. Kf3 h6 48. Ke3 g5 49. h3 Kc5 50. fxg5 hxg5 51. h4 Kd5 52. hxg5 Kxe5 53. Kf3 Kd6 54. Kf4 Ke6 55. g6 Kf6 56. g7 Kxg7 57. Kxf5 Kf7 58. Kg5 Kg7 59. g4 Kf7 60. Kh6 1-0

[Event "Bhubaneswar op-A 14th"]
[Site "Bhubaneswar"]
[Date "2023.06.17"]
[Round "9"]
[White "Sarvade, Mihir"]
[Black "Atrinjay, Saha"]
[Result "1/2-1/2"]
[WhiteElo "1785"]
[BlackElo "1389"]
[PlyCount "63"]
[EventDate "2023.06.11"]
[EventType "swiss"]
[EventRounds "10"]
[EventCountry "IND"]
[SourceTitle "CBM 214 Extra"]
[Source "ChessBase"]
[SourceDate "2023.07.31"]
[SourceVersion "1"]
[SourceVersionDate "2023.07.31"]
[SourceQuality "1"]

1. d4 d5 2. c4 e6 3. g3 Nf6 4. Bg2 c6 5. Nf3 dxc4 6. 0-0 b5 7. Ne5 Bb7 8. a4 a6 9. axb5 axb5 10. Rxa8 Bxa8 11. Nc3 Qb6 12. e4 Be7 13. d5 exd5 14. exd5 cxd5 15. Nxd5 Nxd5 16. Bxd5 Bxd5 17. Qxd5 0-0 18. Be3 Qa5 19. Rd1 Qd8 20. Qf3 Qc8 21. Qd5 Qd8 22. Ba7 Qxd5 23. Rxd5 Bf6 24. Bd4 Bxe5 25. Bxe5 Nc6 26. Rxb5 Nxe5 27. Rxe5 Rc8 28. Re3 g6 29. Rc3 Rb8 30. Rc2 Kg7 31. f4 Kf6 32. Kg2 1/2-1/2

[Event "Bhubaneswar op-A 14th"]
[Site "Bhubaneswar"]
[Date "2023.06.16"]
[Round "8"]
[White "Aarush, Rajesh"]
[Black "Sarvade, Mihir"]
[Result "0-1"]
[WhiteElo "1548"]
[BlackElo "1785"]
[PlyCount "90"]
[EventDate "2023.06.11"]
[EventType "swiss"]
[EventRounds "10"]
[EventCountry "IND"]
[SourceTitle "CBM 214 Extra"]
[Source "ChessBase"]
[SourceDate "2023.07.31"]
[SourceVersion "1"]
[SourceVersionDate "2023.07.31"]
[SourceQuality "1"]

1. d4 Nf6 2. Nc3 d5 3. Bf4 e6 4. Nb5 Na6 5. e3 Be7 6. Nf3 0-0 7. h4 c6 8. Nc3 c5 9. h5 Nb4 10. Ne5 Nc6 11. Qd2 Bd6 12. Bb5 Qc7 13. Bxc6 bxc6 14. 0-0-0 Rb8 15. f3 cxd4 16. exd4 c5 17. g4 cxd4 18. Qxd4 Rb4 19. Qe3 Rxf4 20. Nb5 Qc5 21. Nd4 Nd7 22. Qxf4 Nxe5 23. Kb1 Nc4 24. Qc1 Qb6 25. Nb3 a5 26. g5 a4 27. g6 axb3 28. gxh7+ Kh8 29. cxb3 Ne3 30. h6 Be5 31. Rde1 d4 32. Rh5 Bf6 33. hxg7+ Bxg7 34. Rg1 Nf5 35. Rxg7 Nxg7 36. Qh6 d3 37. Rg5 Qd4 38. Rg4 Qe5 39. a4 Rd8 40. Rg5 Qd4 41. Kc1 d2+ 42. Kd1 Qxb2 43. Qxg7+ Qxg7 44. Rxg7 Kxg7 45. h8Q+ Kxh8 0-1

[Event "Bhubaneswar op-A 14th"]
[Site "Bhubaneswar"]
[Date "2023.06.12"]
[Round "2"]
[White "Fedorov, Alexei"]
[Black "Sarvade, Mihir"]
[Result "1/2-1/2"]
[WhiteElo "2449"]
[BlackElo "1785"]
[PlyCount "60"]
[EventDate "2023.06.11"]
[EventType "swiss"]
[EventRounds "10"]
[EventCountry "IND"]
[SourceTitle "CBM 214 Extra"]
[Source "ChessBase"]
[SourceDate "2023.07.31"]
[SourceVersion "1"]
[SourceVersionDate "2023.07.31"]
[SourceQuality "1"]

1. e4 c5 2. Nf3 g6 3. d4 cxd4 4. Nxd4 Nc6 5. Nc3 Bg7 6. Be3 Nf6 7. Bc4 0-0 8. Bb3 Re8 9. h3 d6 10. 0-0 Na5 11. Re1 a6 12. Qd2 b5 13. Bh6 Bh8 14. Nf3 Bb7 15. Ng5 Nxb3 16. cxb3 Rc8 17. a3 Qb6 18. b4 Rc4 19. Rad1 Nd7 20. Nd5 Bxd5 21. Qxd5 Ne5 22. Kf1 Qc6 23. f4 Qxd5 24. Rxd5 Nc6 25. Rd2 Nd4 26. Nf3 Nc6 27. Ng5 Nd4 28. Nf3 Nc6 29. Ng5 Nd4 30. Nf3 Nc6 1/2-1/2

[Event "Bhubaneswar op-A 14th"]
[Site "Bhubaneswar"]
[Date "2023.06.11"]
[Round "1"]
[White "Sarvade, Mihir"]
[Black "Khairmode, Dhanashree"]
[Result "1-0"]
[WhiteElo "1785"]
[BlackElo "1613"]
[PlyCount "77"]
[EventDate "2023.06.11"]
[EventType "swiss"]
[EventRounds "10"]
[EventCountry "IND"]
[SourceTitle "EXT 2024"]
[Source "ChessBase"]
[SourceDate "2023.10.10"]
[SourceVersion "1"]
[SourceVersionDate "2023.10.10"]
[SourceQuality "1"]

1. d4 Nf6 2. c4 e6 3. g3 d5 4. Bg2 Be7 5. Nf3 0-0 6. 0-0 dxc4 7. Qc2 b5 8. a4 c6 9. axb5 Nd5 10. bxc6 Nxc6 11. Qxc4 Ncb4 12. Nc3 a5 13. Qb3 Ba6 14. Ne5 Qc7 15. Bf4 Rab8 16. Bxd5 Nxd5 17. Nxd5 exd5 18. Qxd5 Rb5 19. Qc6 Qxc6 20. Nxc6 Bf6 21. e3 Rxb2 22. Rfc1 g5 23. Bd6 Re8 24. Rxa5 Bb7 25. Be5 Kg7 26. Bxf6+ Kxf6 27. Ne5 Rc8 28. Nd7+ Kg6 29. Nc5 Bf3 30. Ra6+ Kg7 31. Raa1 Rcb8 32. Nd3 Rd2 33. Ne5 Bd5 34. Ra5 Be4 35. Ra7 Bd5 36. Ra5 Be4 37. Nc4 Rc2 38. Rxg5+ Kf8 39. Ra5 1-0

[Event "Vrindavana MMT op"]
[Site "Mathura"]
[Date "2023.04.27"]
[Round "9"]
[White "Bright Lee, M Sunilkumar"]
[Black "Sarvade, Mihir"]
[Result "1/2-1/2"]
[WhiteElo "1593"]
[BlackElo "1698"]
[PlyCount "67"]
[EventDate "2023.04.23"]
[EventType "swiss"]
[EventRounds "9"]
[EventCountry "IND"]
[SourceTitle "CBM 213 Extra"]
[Source "ChessBase"]
[SourceDate "2023.05.31"]
[SourceVersion "1"]
[SourceVersionDate "2023.05.31"]
[SourceQuality "1"]

1. e4 c5 2. Nf3 Nc6 3. d4 cxd4 4. Nxd4 g6 5. Nc3 Bg7 6. Be3 Nf6 7. Bc4 0-0 8. Bb3 d6 9. f3 Bd7 10. Qd2 Nxd4 11. Bxd4 b5 12. g4 e6 13. h4 a5 14. a4 b4 15. Ne2 e5 16. Be3 Be6 17. 0-0-0 Qc8 18. Kb1 Bxb3 19. cxb3 d5 20. Ng3 d4 21. Bh6 Qe6 22. Ka2 Nd7 23. Rc1 Rfc8 24. h5 Bh8 25. hxg6 fxg6 26. Qd3 Rab8 27. Ne2 Nb6 28. Qa6 Ra8 29. Rxc8+ Rxc8 30. Rc1 Rd8 31. Bd2 Bf6 32. Qb5 d3 33. Rc6 Qd7 34. Ng3 1/2-1/2

[Event "Vrindavana MMT op"]
[Site "Mathura"]
[Date "2023.04.25"]
[Round "6"]
[White "Harshit, Jaggi"]
[Black "Sarvade, Mihir"]
[Result "0-1"]
[WhiteElo "1516"]
[BlackElo "1698"]
[PlyCount "118"]
[EventDate "2023.04.23"]
[EventType "swiss"]
[EventRounds "9"]
[EventCountry "IND"]
[SourceTitle "CBM 213 Extra"]
[Source "ChessBase"]
[SourceDate "2023.05.31"]
[SourceVersion "1"]
[SourceVersionDate "2023.05.31"]
[SourceQuality "1"]

1. e4 c5 2. Nf3 g6 3. d4 cxd4 4. Nxd4 Nc6 5. c4 Nf6 6. Nc3 d6 7. Be2 Nxd4 8. Qxd4 Bg7 9. Be3 0-0 10. Qd2 Be6 11. Rc1 Qa5 12. f3 Rfc8 13. b3 a6 14. Na4 Qxd2+ 15. Kxd2 Nd7 16. g4 f5 17. gxf5 gxf5 18. Rhg1 Kh8 19. Bd3 Rf8 20. f4 b5 21. cxb5 fxe4 22. Bxe4 d5 23. Bd3 axb5 24. Bxb5 d4 25. Bf2 Rxf4 26. Bg3 Rf5 27. Bd3 Ne5 28. Be4 Nf3+ 29. Kd3 Rxa4 30. bxa4 Nxg1 31. Rxg1 Rc5 32. Bf2 Rc3+ 33. Ke2 Bc4+ 34. Kd1 e5 35. Be1 Ra3 36. Rg2 Bxa2 37. Rb2 Bb3+ 38. Ke2 Bf6 39. a5 Bc4+ 40. Kd1 Ra1+ 41. Rb1 Rxb1+ 42. Bxb1 d3 43. Kd2 e4 44. Ke3 Bg5+ 45. Kd4 Ba6 46. Kc3 Bf6+ 47. Kb4 e3 48. Bc3 Kg7 49. Bxf6+ Kxf6 50. Kc3 d2 51. Bc2 Be2 52. a6 Bxa6 53. Bb3 Be2 54. Kd4 d1Q+ 55. Bxd1 Bxd1 56. Kxe3 Kg5 57. Kf2 Kg4 58. Kg2 Bf3+ 59. Kf2 Bc6 0-1